History Quiz

Random History or Italian Quiz
Score 0/21 Timer 05:00
3 Plays Today
Clue Person % Correct
Who was the polymath and archetype 'Renaissance Man' who painted the 'Mona Lisa'?Leonardo da Vinci
97.5%
Who was the sculptor, painter and architect who painted the Sistine Chapel ceiling and sculptured the statue of 'David'?Michelangelo
91.7%
Who was the physicist, mathematician and astronomer who discovered the four largest satellites of Jupiter?Galileo Galilei
78.8%
Who was the explorer and merchant famous for his travels in central Asia and China?Marco Polo
76.1%
Who was the 13-14th century author of 'Convivio' and 'The Divine Comedy'?Dante Alighieri
75.9%
Who was the explorer, navigator and cartographer after whom the Americas are named? Amerigo Vespucci
74%
Which composer is best known for his violin concertos 'The Four Seasons'?Antonio Vivaldi
72.6%
Who was the historian, politician, diplomat and author of 'The Prince' first published 1532?Niccolò Machiavelli
70.1%
Which operatic tenor singer was one of 'The Three Tenors'?Luciano Pavarotti
65.6%
Who was the electrical engineer often credited as the inventor of radio?Guglielmo Marconi
56.8%
Who is the actress who appeared in the films 'Two Women', 'Today and Tomorrow' and 'Marriage Italian-Style'?Sophia Loren
52.7%
Clue Person % Correct
Which 18th century adventurer and author is remembered for his affairs and gives his name to a modern womanizer?Giacomo Casanova
46.6%
Which artists works include 'The School of Athens', 'The Three Graces' and 'Madonna & Child'?Raphael
42%
Who was the five time Academy Award winning film director whose films include 'La Dolce Vita'?Federico Fellini
39.2%
Who was the general called 'The Hero of Two Worlds' and 'The Father of Modern Italy'?Giuseppe Garibaldi
37.9%
Which daughter of Pope Alexander VI has been accused of incest, poisoning and murder?Lucretia Borgia
35.2%
Which physicist is known for the invention of the electric battery in 1800?Alessandro Volta
31.1%
Who is the fashion designer whose company had a turnover of $1.6bn in 2012?Giorgio Armani
28.5%
Who was the 16th century Queen of France and Regent during the Saint Bartholomew's Day massacre of 1572?Catherine de' Medici
26.5%
Which 13th century Dominican friar and priest is known as 'Doctor Angelicus' and 'Doctor Communis'?St.Thomas Aquinas
11.1%
Which physicist and mathematician is best known for his invention of the barometer?Evangelista Torricelli
8.9%
Remove Ads.
Support Sporcle.
Get the best of Sporcle when you Go Orange. This ad-free experience offers more features, more stats, and more fun while also helping to support Sporcle. Thank you for becoming a member.

You're not logged in!

Compare scores with friends on all Sporcle quizzes.
OR
Log In

Show Comments

Extras

Top Quizzes Today


Score Distribution

Your Account Isn't Verified!

In order to create a playlist on Sporcle, you need to verify the email address you used during registration. Go to your Sporcle Settings to finish the process.

Report this User

Report this user for behavior that violates our Community Guidelines.

Details: